=LDR 00000nam 2200000 4500 =001 INLIS000000000061650 =005 20221103080403 =035 ##$$a 0010-1122000031 =007 ta =008 221103###########################0###### =020 ##$$a 978-623-7865-98-8 =082 ##$$a 378. 19 =084 ##$$a 378. 19 ABD b =100 #$$a Abdul Salam =245 1#$$a Booklet pendampingan Kegiatan pengabdian kepada masyarakat berbasis riset : $b Pemberdayaan masyarakat dengan edukasi dan pendampingan untuk mewujudkan keluarga mandiri sadar gizi (KADARZI) di kelurahan dasan cermen /$c Abdul Salam, Luh Suranadi, Ni Ketut Sulendri, Ayunda Firmani Wahyusa =260 ##$$a Mataram :$b Poltekes Kemenkes Mataram,$c 2021 =300 ##$$a 35 halaman : $b Ilustrasi ; $c 20 cm =650 #4$$a Kuliah Kerja Nyata - Buku Panduan =990 ##$$a 26492649 =990 ##$$a 562/51/2022